00365nam a2200121Ia 4500008004100000082001100041245004000052250000600092260005700098300000800155630004000163730004000203090124s9999 xx 000 0 und d b300618 a चैतन्याचे ऊन a1 bराजाध्यक्ष विजयाc1981 a130 a चैतन्याचे ऊन a चैतन्याचे ऊन